| 000 | 00735nam a22002295i 4500 | ||
|---|---|---|---|
| 999 |
_c2431 _d2431 |
||
| 001 | 15816 | ||
| 003 | BD-DhUAP | ||
| 005 | 20210130094429.0 | ||
| 008 | 200224s2020 nyu 000 0 eng | ||
| 020 | _a9780262134408 | ||
| 040 |
_aBD-DhUAP _bEng _cBD-DhUAP _dBD-DhUAP |
||
| 082 |
_223 _a709.05 OVE |
||
| 245 |
_aOver here : _binternational perspectives on art and culture / _cedited by Jean Fisher and Gerardo Mosquera |
||
| 260 |
_aNew York, N.Y. : _bNew Museum of Contemporary Art, _cc2004. |
||
| 300 |
_axvi, 430 pages : _billustrations ; _c22 cm. |
||
| 500 | _aIncludes index. | ||
| 650 | _aMulticulturalism in art | ||
| 650 | _aArt and society. | ||
| 700 | _aFisher, Jean | ||
| 700 | _aMosquera, Gerardo | ||
| 942 |
_2ddc _cBK |
||